Statistics for Eurovision Song Contest 2019

Click here to take the quiz!

General Stats

  • This quiz has been taken 103 times
  • The average score is 53 of 82

Answer Stats

CountryAct or Song% Correct
Cypriotic SongReplay
89%
Dutch SongArcade
88%
Cypriotic ActTamta
85%
Czech SongFriend of a Friend
84%
Sammarinese SongSay Na Na Na
82%
Dutch ActDuncan Laurence
81%
Belarusian SongLike It
81%
Russian SongScream
81%
Australian SongZero Gravity
81%
Swiss ActLuca Hänni
80%
German SongSister
80%
Italian SongSoldi
80%
Norwegian SongSpirit in the Sky
80%
Italian ActMahmood
79%
Swiss SongShe Got Me
79%
Belarusian ActZENA
79%
Norwegian ActKEiiNO
78%
Irish Song22
76%
Icelandic ActHatari
76%
Sammarinese ActSerhat
76%
Maltese SongChameleon
75%
Estonian SongStorm
75%
Polish SongFire of Love (Pali się)
74%
Israeli SongHome
74%
Czech ActLake Malawi
74%
Russian ActSergey Lazarev
74%
German ActS!sters
74%
North Macedonian ActProud
73%
French SongRoi
73%
Swedish SongToo Late for Love
73%
Finnish SongLook Away
72%
Serbian SongKruna
71%
Slovenian SongSebi
71%
Greek SongBetter Love
69%
Montenegrine SongHeaven
69%
Spanish SongLa Venda
69%
Polish ActTulia
69%
Armenian SongWalking Out
69%
Danish SongLove Is Forever
67%
Spanish ActMiki
67%
Montenegrine ActD mol
66%
Swedish ActJohn Lundvik
65%
Azerbaijani SongTruth
65%
Estonian ActVictor Crone
65%
British SongBigger than Us
64%
Belgian ActEliot
64%
Portuguese SongTelemóveis
64%
Romanian SongOn a Sunday
62%
Moldovan SongStay
62%
Azerbaijani ActChingiz
61%
Austrian ActPÆNDA
61%
Lithuanian SongRun with the Lions
61%
Belgian SongWake Up
61%
Armenian ActSrbuk
60%
French ActBilal Hassani
59%
Hungarian ActJoci Pápai
59%
Australian ActKate Miller-Heidke
59%
Croatian ActRoko
59%
Croatian SongThe Dream
59%
Icelandic SongHatrið mun sigra
58%
Greek ActKaterina Duska
58%
Danish ActLeonora
58%
British ActMichael Rice
58%
Austrian SongLimits
56%
North Macedonian SongTamara Todevska
55%
Latvian ActCarousel
54%
Romanian ActEster Peony
54%
Latvian SongThat Night
54%
Maltese ActMichela
53%
Portuguese ActConan Osiris
52%
Irish ActSarah McTernan
49%
Finnish ActDarude feat. Sebastian Rejman
48%
Israeli ActKobi Marimi
46%
Hungarian SongAz én apám
44%
Albanian SongKtheju tokës
44%
Moldovan ActAnna Odobescu
41%
Serbian ActNevena Božović
41%
Albanian ActJonida Maliqi
40%
Georgian SongKeep on Going
40%
Georgian ActOto Nemsadze
29%
Slovenian ActZala Kralj & Gašper Šantl
29%
Lithuanian ActJurij Veklenko
21%

Score Distribution

Percentile by Number Answered

Percent of People with Each Score

Your Score History

You have not taken this quiz